<?xml version="1.0" encoding="UTF-8"?><?xml-stylesheet type="text/xsl" href="static/style.xsl"?><OAI-PMH xmlns="http://www.openarchives.org/OAI/2.0/" xmlns:xsi="http://www.w3.org/2001/XMLSchema-instance" xsi:schemaLocation="http://www.openarchives.org/OAI/2.0/ http://www.openarchives.org/OAI/2.0/OAI-PMH.xsd"><responseDate>2026-04-14T13:05:44Z</responseDate><request verb="GetRecord" identifier="oai:uvadoc.uva.es:10324/19476" metadataPrefix="marc">https://uvadoc.uva.es/oai/request</request><GetRecord><record><header><identifier>oai:uvadoc.uva.es:10324/19476</identifier><datestamp>2025-02-17T13:19:35Z</datestamp><setSpec>com_10324_38</setSpec><setSpec>col_10324_852</setSpec></header><metadata><record xmlns="http://www.loc.gov/MARC21/slim" xmlns:doc="http://www.lyncode.com/xoai" xmlns:xsi="http://www.w3.org/2001/XMLSchema-instance" xmlns:dcterms="http://purl.org/dc/terms/" xsi:schemaLocation="http://www.loc.gov/MARC21/slim http://www.loc.gov/standards/marcxml/schema/MARC21slim.xsd">
<leader>00925njm 22002777a 4500</leader>
<datafield tag="042" ind1=" " ind2=" ">
<subfield code="a">dc</subfield>
</datafield>
<datafield tag="720" ind1=" " ind2=" ">
<subfield code="a">Pozo Gil, Sara del</subfield>
<subfield code="e">author</subfield>
</datafield>
<datafield tag="260" ind1=" " ind2=" ">
<subfield code="c">2016</subfield>
</datafield>
<datafield tag="520" ind1=" " ind2=" ">
<subfield code="a">El presente trabajo pretende acercase a la realidad y perspectivas de las personas que padecen el trastorno de Esquizofrenia, a sus familiares y los profesionales que intervienen con ellos. &#xd;
En esta investigación se analiza la enfermedad de esquizofrenia, tanto lo que es, como  sus tipos, síntomas, características, causas y consecuencias, así como el estigma de ésta, los tipos de estigmatización y cómo afecta a los propios enfermos y a los familiares, haciendo hincapié en la perspectiva y los pensamientos que tienen los/as enfermos/as de su propia enfermedad y como creen que les aprecia la sociedad de hoy en día, donde los medios de comunicación no siempre son favorables a la hora de hablar de esta patología. &#xd;
Todo ello para entender desde la labor profesional del trabajador social, como poder mejorar las intervenciones para disminuir esta estigmatización a nivel personal, familiar y comunitario.</subfield>
</datafield>
<datafield tag="024" ind2=" " ind1="8">
<subfield code="a">http://uvadoc.uva.es/handle/10324/19476</subfield>
</datafield>
<datafield ind1=" " ind2=" " tag="653">
<subfield code="a">[Pendiente de asignar]</subfield>
</datafield>
<datafield tag="245" ind1="0" ind2="0">
<subfield code="a">La estigmatización de la esquizofrenia</subfield>
</datafield>
</record></metadata></record></GetRecord></OAI-PMH>